[Event "RSFSR-ch"]
[Site "Voronezh"]
[Date "1988.??.??"]
[Round "?"]
[White "Antoshin, Vladimir S"]
[Black "Sherbakov, Vitaly S"]
[Result "1/2-1/2"]
[WhiteElo "2305"]
[BlackElo "2290"]
[PlyCount "76"]
[EventDate "1988.??.??"]
[EventType "tourn"]
[EventRounds "17"]
[EventCountry "URS"]
[SourceTitle "EXT 1999"]
[Source "ChessBase"]
[SourceDate "1998.11.16"]
[SourceVersion "1"]
[SourceVersionDate "1998.11.16"]
[SourceQuality "1"]

1. e4 c5 2. f4 Nc6 3. Nf3 g6 4. Be2 Bg7 5. 0-0 d6 6. c3 Nf6 7. Qc2 0-0 8. f5 e6 9. fxg6 hxg6 10. d3 Nh7 11. Be3 e5 12. Qd2 Qe7 13. Na3 f5 14. Bh6 Be6 15. Bxg7 Kxg7 16. b4 cxb4 17. cxb4 a6 18. Nc2 Rad8 19. a4 f4 20. b5 Nb8 21. d4 Bg4 22. Nb4 Nf6 23. bxa6 bxa6 24. Qb2 a5 25. Nd3 Bxf3 26. Bxf3 Nc6 27. dxe5 dxe5 28. Rac1 Nd4 29. Qb6 Rfe8 30. Rc7 Rd7 31. Rfc1 Red8 32. Rxd7 Rxd7 33. Nc5 Ra7 34. Bd1 Kh6 35. Nd3 Nxe4 36. Qb8 Kg7 37. Qxe5+ Qxe5 38. Nxe5 Re7 1/2-1/2

[Event "RSFSR-ch"]
[Site "Voronezh"]
[Date "1988.??.??"]
[Round "?"]
[White "Gleizerov, Evgeny"]
[Black "Antoshin, Vladimir S"]
[Result "1/2-1/2"]
[WhiteElo "2405"]
[BlackElo "2305"]
[PlyCount "68"]
[EventDate "1988.??.??"]
[EventType "tourn"]
[EventRounds "17"]
[EventCountry "URS"]
[SourceTitle "EXT 1999"]
[Source "ChessBase"]
[SourceDate "1998.11.16"]
[SourceVersion "1"]
[SourceVersionDate "1998.11.16"]
[SourceQuality "1"]

1. d4 d5 2. c4 c6 3. Nf3 Nf6 4. Nc3 e6 5. e3 Nbd7 6. Bd3 Bd6 7. 0-0 0-0 8. e4 dxe4 9. Nxe4 Nxe4 10. Bxe4 h6 11. Bc2 e5 12. b3 Re8 13. Re1 exd4 14. Rxe8+ Qxe8 15. Qxd4 Bc5 16. Qd3 Nf8 17. Bb2 f6 18. Nh4 Bg4 19. Nf3 Rd8 20. Re1 Qd7 21. Rd1 Qxd3 22. Bxd3 Bxf3 23. Bh7+ Kxh7 24. Rxd8 Bg4 25. Rb8 b6 26. Rb7 a5 27. Bxf6 Ne6 28. Be5 Bf5 29. h3 Bb1 30. a3 Ba2 31. b4 axb4 32. axb4 Bd4 33. Re7 Bxc4 34. Rxe6 Bxe6 1/2-1/2

[Event "RSFSR-ch"]
[Site "Voronezh"]
[Date "1988.??.??"]
[Round "?"]
[White "Meister, Jakob"]
[Black "Antoshin, Vladimir S"]
[Result "1-0"]
[WhiteElo "2385"]
[BlackElo "2305"]
[PlyCount "95"]
[EventDate "1988.??.??"]
[EventType "tourn"]
[EventRounds "17"]
[EventCountry "URS"]
[SourceTitle "EXT 1999"]
[Source "ChessBase"]
[SourceDate "1998.11.16"]
[SourceVersion "1"]
[SourceVersionDate "1998.11.16"]
[SourceQuality "1"]

1. d4 d5 2. c4 c6 3. Nf3 Nf6 4. Nc3 e6 5. e3 Nbd7 6. Bd3 Bd6 7. 0-0 0-0 8. e4 dxe4 9. Nxe4 Nxe4 10. Bxe4 h6 11. Bc2 e5 12. Qd3 f5 13. c5 Bc7 14. Qb3+ Kh8 15. dxe5 Nxe5 16. Bf4 Nxf3+ 17. Qxf3 Bxf4 18. Qxf4 Qf6 19. Rfe1 Be6 20. Re5 Rae8 21. Rae1 Qf7 22. h3 Bd7 23. Rxe8 Rxe8 24. Rxe8+ Qxe8 25. Bxf5 Bxf5 26. Qxf5 Qe1+ 27. Kh2 Qd2 28. b3 Qxa2 29. Qc8+ Kh7 30. Qxb7 Qxf2 31. Qxc6 Qf4+ 32. Kg1 Qc1+ 33. Kf2 Qc2+ 34. Kg3 Qxb3+ 35. Kf4 Qf7+ 36. Ke5 Qh5+ 37. Kd6 Qg6+ 38. Kc7 Qc2 39. Qb5 Qf5 40. Qc4 Qb1 41. c6 a5 42. Kd6 Qg6+ 43. Kc5 Qxg2 44. c7 Qf2+ 45. Kb5 Qf5+ 46. Kb6 Qf6+ 47. Qc6 Qd4+ 48. Kb7 1-0

[Event "Smolensk"]
[Site "Smolensk"]
[Date "1986.??.??"]
[Round "?"]
[White "Gleizerov, Evgeny"]
[Black "Antoshin, Vladimir S"]
[Result "1-0"]
[WhiteElo "2445"]
[BlackElo "2320"]
[PlyCount "85"]
[EventDate "1986.??.??"]
[EventType "tourn"]
[EventRounds "17"]
[EventCountry "URS"]
[SourceTitle "EXT 1999"]
[Source "ChessBase"]
[SourceDate "1998.11.16"]
[SourceVersion "1"]
[SourceVersionDate "1998.11.16"]
[SourceQuality "1"]

1. d4 d5 2. c4 c6 3. cxd5 cxd5 4. Nc3 Nf6 5. Bf4 e6 6. e3 Nc6 7. Bd3 Bb4 8. Nf3 Qa5 9. 0-0 Bxc3 10. bxc3 Qxc3 11. Bd6 Qa5 12. Ne5 Qd8 13. Ba3 Ne7 14. Qa4+ Nd7 15. Rfc1 f6 16. Bxe7 Qxe7 17. Qxa7 Rxa7 18. Rxc8+ Qd8 19. Rxd8+ Kxd8 20. Nf7+ Ke7 21. Nxh8 Ra8 22. Rb1 b6 23. Bb5 Rxh8 24. Bxd7 Kxd7 25. Rxb6 g5 26. g4 h5 27. Rb7+ Kd6 28. Rf7 Rh6 29. h3 hxg4 30. hxg4 e5 31. Kg2 e4 32. a4 Ke6 33. Ra7 Rh4 34. Kg3 Rh1 35. a5 Rg1+ 36. Kh3 Ra1 37. a6 Ra2 38. Kg3 Ra3 39. Ra8 Kf7 40. a7 Kg7 41. f3 Ra2 42. fxe4 dxe4 43. d5 1-0

[Event "Moscow-ch 64th"]
[Site "Moscow"]
[Date "1986.??.??"]
[Round "?"]
[White "Gorelov, Sergey G"]
[Black "Antoshin, Vladimir S"]
[Result "0-1"]
[WhiteElo "2430"]
[BlackElo "2310"]
[PlyCount "76"]
[EventDate "1986.01.??"]
[EventType "tourn"]
[EventRounds "14"]
[EventCountry "URS"]
[SourceTitle "EXT 2004"]
[Source "ChessBase"]
[SourceDate "2003.11.25"]
[SourceVersion "1"]
[SourceVersionDate "2003.11.25"]
[SourceQuality "1"]

1. c4 e6 2. Nf3 Nf6 3. d4 d5 4. Nc3 c6 5. e3 Nbd7 6. Bd3 Bd6 7. e4 dxe4 8. Nxe4 Nxe4 9. Bxe4 0-0 10. 0-0 h6 11. Bc2 e5 12. a3 f5 13. c5 Bc7 14. Bb3+ Kh8 15. Ng5 Nxc5 16. Nf7+ Rxf7 17. Bxf7 Qf6 18. dxc5 Qxf7 19. b4 Be6 20. Bb2 Bd5 21. f3 Re8 22. Qd2 Kh7 23. Rfe1 e4 24. fxe4 Bxe4 25. Qf2 Qh5 26. h3 Qg6 27. Red1 Bf4 28. Bd4 Bg3 29. Qf1 Bc7 30. Qf2 f4 31. Bb2 Re7 32. Rd2 f3 33. Rad1 Bf4 34. Rd6 Qg5 35. h4 Qg4 36. Bc1 Bg3 37. Qd2 f2+ 38. Kf1 Bxg2+ 0-1

[Event "Moscow-ch 64th"]
[Site "Moscow"]
[Date "1986.??.??"]
[Round "?"]
[White "Nikolenko, Oleg"]
[Black "Antoshin, Vladimir S"]
[Result "0-1"]
[WhiteElo "2485"]
[BlackElo "2310"]
[PlyCount "42"]
[EventDate "1986.01.??"]
[EventType "tourn"]
[EventRounds "14"]
[EventCountry "URS"]
[SourceTitle "EXT 2004"]
[Source "ChessBase"]
[SourceDate "2003.11.25"]
[SourceVersion "1"]
[SourceVersionDate "2003.11.25"]
[SourceQuality "1"]

1. e4 e5 2. Nf3 d6 3. d4 exd4 4. Nxd4 Nf6 5. Nc3 Be7 6. g3 d5 7. e5 Ng4 8. Bf4 c5 9. Ndb5 d4 10. Nd5 0-0 11. Bg2 Nc6 12. Qe2 g5 13. Nbc7 gxf4 14. Nxa8 d3 15. Qxd3 Ngxe5 16. Qe4 f3 17. Bxf3 Bf5 18. Qxf5 Nd4 19. Nxe7+ Qxe7 20. Qh5 Nexf3+ 21. Kf1 Qe2+ 0-1

[Event "URS-ch53 Semifinal"]
[Site "Togliatti"]
[Date "1985.07.??"]
[Round "?"]
[White "Filipenko, Alexander V"]
[Black "Antoshin, Vladimir S"]
[Result "1/2-1/2"]
[WhiteElo "2370"]
[BlackElo "2340"]
[PlyCount "61"]
[EventDate "1985.07.??"]
[EventType "tourn"]
[EventRounds "15"]
[EventCountry "URS"]
[EventCategory "7"]
[SourceTitle "EXT 1999"]
[Source "ChessBase"]
[SourceDate "1998.11.16"]
[SourceVersion "1"]
[SourceVersionDate "1998.11.16"]
[SourceQuality "1"]

1. e4 e5 2. Nf3 d6 3. d4 exd4 4. Nxd4 Nf6 5. Nc3 Be7 6. Bf4 0-0 7. Qd2 d5 8. Ndb5 Bb4 9. exd5 Re8+ 10. Be2 Ne4 11. Qd3 Bf5 12. Qf3 Nxc3 13. bxc3 Ba5 14. d6 Be4 15. Qg3 cxd6 16. Nxd6 Re6 17. 0-0-0 Bxc2 18. Rd2 Bg6 19. Bc4 Qb6 20. Rb2 Qc5 21. Bxe6 Bxc3 22. Rb3 Bf6+ 23. Bc4 Nc6 24. Rb5 Qd4 25. Rd1 Qa1+ 26. Kd2 Qd4+ 27. Kc1 Qa1+ 28. Kd2 Qd4+ 29. Ke1 Re8+ 30. Nxe8 Qe4+ 31. Be2 1/2-1/2

[Event "Trud-ch"]
[Site "Berdiansk "]
[Date "1985.??.??"]
[Round "?"]
[White "Antoshin, Vladimir S"]
[Black "Karpeshov, Oleg Mikhailovich"]
[Result "1-0"]
[WhiteElo "2340"]
[BlackElo "2295"]
[PlyCount "51"]
[EventDate "1985.??.??"]
[EventType "tourn"]
[EventRounds "16"]
[EventCountry "URS"]
[EventCategory "4"]
[SourceTitle "EXT 2008"]
[Source "ChessBase"]
[SourceDate "2007.11.25"]
[SourceVersion "1"]
[SourceVersionDate "2007.11.25"]
[SourceQuality "1"]

1. e4 c5 2. f4 d5 3. exd5 Nf6 4. Bb5+ Bd7 5. Bxd7+ Qxd7 6. c4 e6 7. Qe2 Bd6 8. f5 0-0 9. fxe6 fxe6 10. dxe6 Qc8 11. Nf3 Re8 12. 0-0 Rxe6 13. Qf2 Nc6 14. d3 Nb4 15. Nc3 Nxd3 16. Qd2 Ne5 17. Ng5 Nxc4 18. Qc2 h6 19. Nb5 hxg5 20. Qxc4 Be5 21. Bxg5 Ne4 22. Bf4 Bd4+ 23. Kh1 Kh8 24. Nc7 Rg6 25. Qe2 Qf5 26. Nxa8 1-0

[Event "RSFSR-ch"]
[Site "Bryansk"]
[Date "1984.06.??"]
[Round "?"]
[White "Antoshin, Vladimir S"]
[Black "Goldin, Alexander"]
[Result "1-0"]
[WhiteElo "2305"]
[BlackElo "2345"]
[PlyCount "77"]
[EventDate "1984.06.??"]
[EventType "tourn"]
[EventRounds "17"]
[EventCountry "RUS"]
[SourceTitle "EXT 2006"]
[Source "ChessBase"]
[SourceDate "2005.11.24"]
[SourceVersion "1"]
[SourceVersionDate "2005.11.24"]
[SourceQuality "1"]

1. f4 Nf6 2. Nf3 g6 3. d3 d5 4. c3 Bg7 5. g3 0-0 6. Bg2 c6 7. 0-0 Qb6+ 8. e3 Bf5 9. h3 Qa6 10. Ne1 h5 11. Qc2 Nbd7 12. e4 dxe4 13. dxe4 Be6 14. Na3 b5 15. f5 gxf5 16. exf5 Bd5 17. Qe2 Nc5 18. Bxd5 cxd5 19. Bf4 b4 20. Nb5 bxc3 21. bxc3 Nfe4 22. Rd1 e5 23. fxe6 fxe6 24. Nf3 Rxf4 25. gxf4 Ng3 26. Qg2 Nxf1 27. Qxf1 Rf8 28. Ng5 Qa4 29. Nd4 Qe8 30. Re1 e5 31. Qg2 e4 32. Rf1 Kh8 33. h4 Bf6 34. Kh1 Qd7 35. f5 Rg8 36. Qd2 Nd3 37. Nde6 Be5 38. f6 Bd6 39. Qe2 1-0

[Event "Moscow-ch 62th"]
[Site "Moscow"]
[Date "1984.02.??"]
[Round "?"]
[White "Gulko, Boris F"]
[Black "Antoshin, Vladimir S"]
[Result "1-0"]
[WhiteElo "2470"]
[BlackElo "2305"]
[PlyCount "43"]
[EventDate "1984.02.??"]
[EventType "tourn"]
[EventRounds "15"]
[EventCountry "URS"]
[EventCategory "6"]
[SourceTitle "MCL"]
[Source "ChessBase"]
[SourceDate "1999.07.01"]
[SourceVersion "1"]
[SourceVersionDate "1999.07.01"]
[SourceQuality "1"]

1. d4 d5 2. c4 c6 3. Nc3 Nf6 4. Nf3 e6 5. Bg5 h6 6. Bxf6 Qxf6 7. e3 Nd7 8. a3 Bd6 9. e4 dxe4 10. Nxe4 Qe7 11. Nxd6+ Qxd6 12. c5 Qd5 13. Qc2 Nf6 14. Bd3 g5 15. Rd1 Bd7 16. 0-0 0-0-0 17. Rfe1 Be8 18. Ne5 b5 19. b3 Qxd4 20. Bxb5 cxb5 21. Rxd4 Rxd4 22. Qc3 1-0

[Event "Yerevan Seniors"]
[Site "Yerevan"]
[Date "1984.??.??"]
[Round "8"]
[White "Antoshin, Vladimir S"]
[Black "Chistiakov, Alexander Nikolaevi"]
[Result "0-1"]
[WhiteElo "2305"]
[BlackElo "2255"]
[PlyCount "98"]
[EventDate "1984.??.??"]
[EventType "tourn"]
[EventRounds "13"]
[EventCountry "URS"]
[SourceTitle "EXT 2005"]
[Source "ChessBase"]
[SourceDate "2004.11.15"]
[SourceVersion "1"]
[SourceVersionDate "2004.11.15"]
[SourceQuality "1"]

1. f4 Nf6 2. Nf3 d6 3. d3 g6 4. e4 Bg7 5. Be2 0-0 6. 0-0 Bg4 7. c3 Nbd7 8. Qc2 e5 9. fxe5 dxe5 10. Bg5 Qe7 11. Nbd2 h6 12. Bh4 Qe6 13. d4 Bxf3 14. Bxf3 c6 15. Qb3 Qxb3 16. Nxb3 Rfe8 17. Rfe1 exd4 18. cxd4 g5 19. Bf2 g4 20. Bd1 Rxe4 21. Rxe4 Nxe4 22. Bxg4 Ndf6 23. Bf3 Nxf2 24. Kxf2 Rd8 25. Rd1 Nd5 26. a3 Kf8 27. Na5 Rd7 28. Bg4 Re7 29. Rd3 Re4 30. Bc8 Bxd4+ 31. Kf3 Rf4+ 32. Ke2 Bb6 33. b4 Rf2+ 34. Ke1 Nf4 35. Rd2 Nxg2+ 36. Kd1 Rxd2+ 37. Kxd2 Bxa5 38. bxa5 Ke7 39. Bxb7 Kd6 40. Kd3 Kd5 41. Ba6 Nf4+ 42. Ke3 Ke5 43. Kf3 f5 44. Kg3 c5 45. Kh4 Kf6 46. Bf1 Kg6 47. Kg3 Ne6 48. Bc4 Kf6 49. Kh4 Ng7 0-1

[Event "Yerevan Seniors"]
[Site "Yerevan"]
[Date "1984.??.??"]
[Round "12"]
[White "Antoshin, Vladimir S"]
[Black "Kopylov, Nikolai Georgievich"]
[Result "1/2-1/2"]
[WhiteElo "2305"]
[BlackElo "2365"]
[PlyCount "49"]
[EventDate "1984.??.??"]
[EventType "tourn"]
[EventRounds "13"]
[EventCountry "URS"]
[SourceTitle "EXT 2005"]
[Source "ChessBase"]
[SourceDate "2004.11.15"]
[SourceVersion "1"]
[SourceVersionDate "2004.11.15"]
[SourceQuality "1"]

1. d4 d5 2. Nf3 c5 3. dxc5 e6 4. e4 Bxc5 5. exd5 exd5 6. Bd3 Nf6 7. 0-0 0-0 8. Bg5 h6 9. Bh4 Nc6 10. Nc3 Be6 11. a3 Rc8 12. Qd2 Be7 13. Rfe1 a6 14. Rad1 Qd7 15. Na4 Rcd8 16. Bxf6 Bxf6 17. Nc5 Qc8 18. Nxe6 fxe6 19. c3 e5 20. Bb1 e4 21. Qc2 Ne7 22. Nd4 Kh8 23. Ba2 Bh4 24. g3 Bf6 25. Qe2 1/2-1/2

[Event "URS-ch51 Semifinal"]
[Site "Nikolaev"]
[Date "1983.09.??"]
[Round "17"]
[White "Antoshin, Vladimir S"]
[Black "Oll, Lembit"]
[Result "1-0"]
[WhiteElo "2335"]
[BlackElo "2365"]
[PlyCount "50"]
[EventDate "1983.09.10"]
[EventType "tourn"]
[EventRounds "17"]
[EventCountry "URS"]
[SourceTitle "EXT 2000"]
[Source "ChessBase"]
[SourceDate "1999.11.16"]
[SourceVersion "1"]
[SourceVersionDate "1999.11.16"]
[SourceQuality "1"]

1. f4 c5 2. e4 d5 3. exd5 Nf6 4. Bb5+ Bd7 5. Bxd7+ Qxd7 6. c4 e6 7. Qe2 Bd6 8. dxe6 fxe6 9. d3 Nc6 10. Nf3 0-0-0 11. 0-0 Rhe8 12. Ne5 Bxe5 13. fxe5 Qd4+ 14. Be3 Qxe5 15. Nc3 Nd4 16. Qd2 Nf5 17. Bf4 Qd4+ 18. Kh1 Qxd3 19. Qe1 e5 20. Rd1 Qxc4 21. Rxd8+ Rxd8 22. Bxe5 Ne3 23. Rf4 Qd3 24. Rf3 Nfg4 25. h3 Nc2 1-0

[Event "URS-ch51 Semifinal"]
[Site "Nikolaev"]
[Date "1983.09.??"]
[Round "11"]
[White "Antoshin, Vladimir S"]
[Black "Podgaets, Mikhail"]
[Result "0-1"]
[WhiteElo "2335"]
[BlackElo "2450"]
[PlyCount "64"]
[EventDate "1983.09.10"]
[EventType "tourn"]
[EventRounds "17"]
[EventCountry "URS"]
[SourceTitle "EXT 2000"]
[Source "ChessBase"]
[SourceDate "1999.11.16"]
[SourceVersion "1"]
[SourceVersionDate "1999.11.16"]
[SourceQuality "1"]

1. f4 d5 2. Nf3 g6 3. g3 Bg7 4. Bg2 c5 5. 0-0 Nc6 6. d3 Nf6 7. c3 0-0 8. Qc2 d4 9. Kh1 Rb8 10. Na3 b6 11. e4 dxe3 12. Bxe3 Bb7 13. Bg1 Qc7 14. Rfe1 Rbd8 15. Nc4 e6 16. Rad1 Nd5 17. Qf2 Nde7 18. h3 Rd7 19. Bh2 Qd8 20. Qe2 Nf5 21. a4 h5 22. Ng5 e5 23. Ne3 Nxe3 24. Qxe3 exf4 25. Qxf4 Ne7 26. Bxb7 Rxb7 27. Ne4 Rd7 28. g4 hxg4 29. hxg4 Rxd3 30. Rxd3 Qxd3 31. Nxc5 Qd5+ 32. Qe4 bxc5 0-1

[Event "URS-ch51 Semifinal"]
[Site "Nikolaev"]
[Date "1983.09.??"]
[Round "10"]
[White "Yudasin, Leonid"]
[Black "Antoshin, Vladimir S"]
[Result "0-1"]
[WhiteElo "2500"]
[BlackElo "2335"]
[PlyCount "66"]
[EventDate "1983.09.10"]
[EventType "tourn"]
[EventRounds "17"]
[EventCountry "URS"]
[SourceTitle "EXT 2000"]
[Source "ChessBase"]
[SourceDate "1999.11.16"]
[SourceVersion "1"]
[SourceVersionDate "1999.11.16"]
[SourceQuality "1"]

1. d4 d5 2. c4 e6 3. Nc3 c6 4. Nf3 Nf6 5. Bg5 h6 6. Bh4 dxc4 7. e4 g5 8. Bg3 b5 9. Be2 Bb7 10. 0-0 Bg7 11. e5 Nd5 12. Ne4 Bf8 13. a4 a6 14. h4 Be7 15. hxg5 hxg5 16. Nh2 Nd7 17. Ng4 Qb6 18. b3 c3 19. Qd3 b4 20. a5 Qa7 21. Qf3 c5 22. dxc5 Nxc5 23. Ngf6+ Nxf6 24. Nxf6+ Bxf6 25. Qxf6 Rg8 26. Rfd1 Ne4 27. Qf3 Nd2 28. Qf6 Rg6 29. Qh8+ Ke7 30. Qh7 Rag8 31. Bh5 R6g7 32. Qh6 Bd5 33. Ra4 Qc5 0-1

[Event "URS-ch51 Semifinal"]
[Site "Nikolaev"]
[Date "1983.09.??"]
[Round "3"]
[White "Zaid, Leonid D"]
[Black "Antoshin, Vladimir S"]
[Result "1-0"]
[WhiteElo "2365"]
[BlackElo "2335"]
[PlyCount "85"]
[EventDate "1983.09.10"]
[EventType "tourn"]
[EventRounds "17"]
[EventCountry "URS"]
[SourceTitle "EXT 2000"]
[Source "ChessBase"]
[SourceDate "1999.11.16"]
[SourceVersion "1"]
[SourceVersionDate "1999.11.16"]
[SourceQuality "1"]

1. d4 d5 2. c4 c6 3. Nf3 Nf6 4. Nc3 e6 5. Bg5 h6 6. Bxf6 Qxf6 7. Qc2 Nd7 8. e4 dxe4 9. Qxe4 Bb4 10. Bd3 Bxc3+ 11. bxc3 Qe7 12. 0-0 Nf6 13. Qe3 Nd7 14. a4 0-0 15. a5 Re8 16. Rfe1 c5 17. Bc2 Nf8 18. Ne5 f6 19. Nd3 cxd4 20. cxd4 Qc7 21. Bb3 Qd7 22. c5 Kh8 23. Nf4 e5 24. Nd5 Qd8 25. dxe5 Rxe5 26. Qc3 Rxe1+ 27. Rxe1 Be6 28. Rd1 Bxd5 29. Bxd5 Rc8 30. a6 b6 31. c6 Qc7 32. Bf3 Ne6 33. g3 Nc5 34. Qc4 Qe5 35. Qf7 Ne6 36. Qxa7 Nd4 37. Rxd4 Qxd4 38. Qd7 Qa1+ 39. Kg2 Qxa6 40. Bg4 Rf8 41. c7 Qa8+ 42. Kh3 h5 43. Bf5 1-0

[Event "Moscow-ch60"]
[Site "Moscow"]
[Date "1982.02.??"]
[Round "?"]
[White "Andrianov, Nikolai Ivanovich"]
[Black "Antoshin, Vladimir S"]
[Result "1/2-1/2"]
[WhiteElo "2435"]
[BlackElo "2360"]
[PlyCount "40"]
[EventDate "1982.02.??"]
[EventType "tourn"]
[EventRounds "17"]
[EventCountry "URS"]
[EventCategory "8"]
[SourceTitle "MCD"]
[Source "ChessBase"]
[SourceDate "1999.07.01"]
[SourceVersion "1"]
[SourceVersionDate "1999.07.01"]
[SourceQuality "1"]

1. d4 Nf6 2. c4 e6 3. Nf3 b6 4. Nc3 Bb4 5. Qb3 Qe7 6. Bg5 Bb7 7. e3 h6 8. Bxf6 Bxc3+ 9. Qxc3 Qxf6 10. Be2 0-0 11. 0-0 d6 12. Rac1 Nd7 13. Nd2 e5 14. d5 a5 15. Bg4 Nc5 16. f4 Qg6 17. Bd1 Bc8 18. Bc2 Bf5 19. Bxf5 Qxf5 20. e4 Qd7 1/2-1/2

[Event "Moscow-ch60"]
[Site "Moscow"]
[Date "1982.02.??"]
[Round "?"]
[White "Antoshin, Vladimir S"]
[Black "Averbakh, Yuri L"]
[Result "1/2-1/2"]
[WhiteElo "2360"]
[BlackElo "2490"]
[PlyCount "27"]
[EventDate "1982.02.??"]
[EventType "tourn"]
[EventRounds "17"]
[EventCountry "URS"]
[EventCategory "8"]
[SourceTitle "MCD"]
[Source "ChessBase"]
[SourceDate "1999.07.01"]
[SourceVersion "1"]
[SourceVersionDate "1999.07.01"]
[SourceQuality "1"]

1. d4 Nf6 2. c4 e6 3. Nf3 Bb4+ 4. Nbd2 d5 5. e3 0-0 6. a3 Be7 7. Bd3 b6 8. 0-0 Nbd7 9. e4 g6 10. cxd5 exd5 11. e5 Nh5 12. g3 Ng7 13. Re1 c5 14. b3 1/2-1/2

[Event "Moscow-ch60"]
[Site "Moscow"]
[Date "1982.02.??"]
[Round "?"]
[White "Antoshin, Vladimir S"]
[Black "Gulko, Boris F"]
[Result "0-1"]
[WhiteElo "2360"]
[BlackElo "2565"]
[PlyCount "78"]
[EventDate "1982.02.??"]
[EventType "tourn"]
[EventRounds "17"]
[EventCountry "URS"]
[EventCategory "8"]
[SourceTitle "MCD"]
[Source "ChessBase"]
[SourceDate "1999.07.01"]
[SourceVersion "1"]
[SourceVersionDate "1999.07.01"]
[SourceQuality "1"]

1. d4 Nf6 2. c4 g6 3. g3 Bg7 4. Bg2 0-0 5. Nc3 d6 6. Nf3 Nc6 7. 0-0 Bf5 8. d5 Na5 9. Nd4 Bd7 10. b3 c5 11. dxc6 bxc6 12. Bb2 Rb8 13. Rb1 c5 14. Nc2 Nc6 15. Nd5 Nh5 16. Bxg7 Nxg7 17. Qd2 Nf5 18. Rfe1 Re8 19. h4 h5 20. e4 Nfd4 21. Nxd4 Nxd4 22. Qg5 Kg7 23. e5 Bf5 24. Rbd1 dxe5 25. Qc1 Qd6 26. b4 Bg4 27. Rd2 e6 28. bxc5 Qxc5 29. Rxe5 f6 30. Re4 Ne2+ 31. Rdxe2 Bxe2 32. Nxf6 Kxf6 33. Rxe2 Kg7 34. Qc3+ e5 35. Bd5 Qd4 36. Qa5 Re7 37. Kg2 Rf8 38. Qa3 Rd7 39. Qa6 Re7 0-1

[Event "Moscow-ch60"]
[Site "Moscow"]
[Date "1982.02.??"]
[Round "?"]
[White "Aseev, Konstantin N"]
[Black "Antoshin, Vladimir S"]
[Result "1/2-1/2"]
[WhiteElo "2295"]
[BlackElo "2360"]
[PlyCount "96"]
[EventDate "1982.02.??"]
[EventType "tourn"]
[EventRounds "17"]
[EventCountry "URS"]
[EventCategory "8"]
[SourceTitle "MCD"]
[Source "ChessBase"]
[SourceDate "1999.07.01"]
[SourceVersion "1"]
[SourceVersionDate "1999.07.01"]
[SourceQuality "1"]

1. c4 f5 2. d4 Nf6 3. g3 d6 4. Nc3 c6 5. Bg2 g6 6. e4 fxe4 7. Nxe4 Nxe4 8. Bxe4 Bf5 9. Bxf5 Qa5+ 10. Bd2 Qxf5 11. Qf3 Bg7 12. Qxf5 gxf5 13. Nf3 Na6 14. Ke2 0-0 15. Rac1 e5 16. Be3 Rae8 17. dxe5 dxe5 18. Rhd1 b6 19. Kf1 e4 20. Nd4 Nb4 21. Rd2 Nd3 22. Rb1 c5 23. Ne2 Ne5 24. b3 Nf3 25. Rd7 Rf7 26. Rxf7 Kxf7 27. Kg2 Rd8 28. Nf4 Ne5 29. h3 Nd3 30. Nxd3 Rxd3 31. Kf1 h5 32. Ke2 h4 33. g4 f4 34. Bxf4 Rxh3 35. Bb8 Bd4 36. Bxa7 Rc3 37. Re1 Rc2+ 38. Kd1 Rxf2 39. Rxe4 h3 40. Bb8 h2 41. Bxh2 Rxh2 42. Re2 Rxe2 43. Kxe2 Ke6 44. Kf3 Bf6 45. Ke4 Bg5 46. Kd3 Ke5 47. Kc3 Bh4 48. Kb2 Bf2 1/2-1/2

[Event "Moscow-ch60"]
[Site "Moscow"]
[Date "1982.02.??"]
[Round "?"]
[White "Suetin, Alexey S"]
[Black "Antoshin, Vladimir S"]
[Result "1/2-1/2"]
[WhiteElo "2450"]
[BlackElo "2360"]
[PlyCount "26"]
[EventDate "1982.02.??"]
[EventType "tourn"]
[EventRounds "17"]
[EventCountry "URS"]
[EventCategory "8"]
[SourceTitle "MCD"]
[Source "ChessBase"]
[SourceDate "1999.07.01"]
[SourceVersion "1"]
[SourceVersionDate "1999.07.01"]
[SourceQuality "1"]

1. e4 e5 2. Nf3 d6 3. d4 Nf6 4. Nc3 exd4 5. Qxd4 Be7 6. Bg5 0-0 7. 0-0-0 Nc6 8. Qd2 a6 9. Qf4 Ng4 10. Bxe7 Qxe7 11. Nd5 Qd8 12. Qd2 Be6 13. h3 Nf6 1/2-1/2